|
|
|
|
| LEADER |
01658nam a2200457 a 4500 |
| 001 |
EBC675003 |
| 003 |
MiAaPQ |
| 005 |
20200520144314.0 |
| 006 |
m o d | |
| 007 |
cr cn||||||||| |
| 008 |
100517s2011 njua sb 001 0 eng d |
| 010 |
|
|
|z 2010018483
|
| 020 |
|
|
|z 9780470542804 (cloth)
|
| 020 |
|
|
|z 9780470904848 (oBook)
|
| 020 |
|
|
|a 9780470904831 (electronic bk.)
|
| 035 |
|
|
|a (MiAaPQ)EBC675003
|
| 035 |
|
|
|a (Au-PeEL)EBL675003
|
| 035 |
|
|
|a (CaPaEBR)ebr10454756
|
| 035 |
|
|
|a (CaONFJC)MIL305228
|
| 035 |
|
|
|a (OCoLC)714797064
|
| 040 |
|
|
|a MiAaPQ
|c MiAaPQ
|d MiAaPQ
|
| 050 |
|
4 |
|a HA29
|b .W23 2011
|
| 082 |
0 |
4 |
|a 001.4/22
|2 22
|
| 100 |
1 |
|
|a Waal, Ton de.
|
| 245 |
1 |
0 |
|a Handbook of statistical data editing and imputation
|h [electronic resource] /
|c Ton de Waal, Jeroen Pannekoek, Sander Scholtus.
|
| 260 |
|
|
|a Hoboken, N.J. :
|b Wiley,
|c c2011.
|
| 300 |
|
|
|a xi, 439 p. :
|b ill.
|
| 490 |
1 |
|
|a Wiley handbooks in survey methodology
|
| 504 |
|
|
|a Includes bibliographical references and index.
|
| 533 |
|
|
|a Electronic reproduction. Ann Arbor, MI : ProQuest, 2015. Available via World Wide Web. Access may be limited to ProQuest affiliated libraries.
|
| 650 |
|
0 |
|a Statistics
|x Standards.
|
| 650 |
|
0 |
|a Data editing.
|
| 650 |
|
0 |
|a Data integrity.
|
| 650 |
|
0 |
|a Quality control.
|
| 650 |
|
0 |
|a Statistical services
|x Evaluation.
|
| 655 |
|
4 |
|a Electronic books.
|
| 700 |
1 |
|
|a Pannekoek, Jeroen,
|d 1951-
|
| 700 |
1 |
|
|a Scholtus, Sander,
|d 1983-
|
| 710 |
2 |
|
|a ProQuest (Firm)
|
| 830 |
|
0 |
|a Wiley handbooks in survey methodology.
|
| 856 |
4 |
0 |
|u https://ebookcentral.proquest.com/lib/matrademy/detail.action?docID=675003
|z Click to View
|